书目信息 |
| 书名: | The best short stories of Guy de Maupassant | |
| 作者: | Guy de Maupassant. | |
| 分册号: | ||
| 分册名: | 出版地: | New York : |
|
| 出版社: | Airmont Pub. Co | |
| 出版时间: | c1968. | |
| 页数: | 224 p. ; | |
| 开本: | 18 cm. | |
| 丛书名: | ||
| 中图分类号: | ||
| 科图分类号: | ||
| 其他分类号: | H319.4 | |
| 主题词: | ||
| 电子资源: | ||
| 000 | 00589nam 2200205Ii 45x0 | |
| 001 | E0729873086 | |
| 003 | OCoLC | |
| 005 | 20070303081930.75 | |
| 008 | 030429s1968 nyu 000 1 eng d | |
| 020 | @a0804901619 :@cCNY0.70. | |
| 040 | @aTMN@cTMN | |
| 090 | @aK546.571/W6 | |
| 090 | @aH319.4 | |
| 099 | @dH319.4@ex401 | |
| 100 | 1 | @aMaupassant, Guy de,@d1850-1893. |
| 245 | 14 | @aThe best short stories of Guy de Maupassant / @cGuy de Maupassant. |
| 260 | @aNew York :@bAirmont Pub. Co.,@cc1968. | |
| 300 | @a224 p. ;@c18 cm. | |
| 500 | @a"An Airmont classic." | |
| 920 | @a232010 | |
| The best short stories of Guy de Maupassant / / Guy de Maupassant.-New York : : Airmont Pub. Co., , c1968. |
| 224 p. ; ; 18 cm. |
| "An Airmont classic." |
| ISBN 0804901619 :CNY0.70. |
| ● |
| 相关链接 |
|
|
|
|
正题名:best short stories of Guy de Maupassant
索取号:H319.4/x401
 
预约/预借
| 序号 | 登录号 | 条形码 | 馆藏地/架位号 | 状态 | 备注 |
| 1 | 58604 | 202457233 | 第四借阅区/ [索取号:H319.4/x401] | 在馆 |